zpět

Detail výsledku týmu

Resto Rugby, Vyškov

Datum a čas kvízu

19 Celkem bodů Celkový počet nahraných bodů na tomto kvízu bez doplňovacích otázek.
6. Pořadí na kvízu Konečné umístění týmu na tomto kvízu.

Zaznamenané odpovědi

# Otázka Odpověď Body Výsledky
1. Ve svatovítské katedrále se v... Petr Fiala 0
2. Minulý týden se na internetu o... vysokozdvižný vozík (ještěrku) 0
3. Při oslavě osmistého výročí ji... v Hradci Králové 0
4. Finská firma Bluefors uzavřela... na Měsíci 0
5. V neděli začalo mistrovství sv... ve Rwandě 0
6. Ve spolupráci s Radou Evropy j... 1C 2A 3D 4B 1
7. Co znamená maďarské slovo hétf... pondělí 0
8. Jak se jmenuje autonomní oblas... Vojvodina 0
9. Která z těchto knih nebyla nap... B 1
10. Pozoruhodným jazykem je velšti... slunéčko (beruška) 0